| 000 | 00478nam a2200181Ia 4500 | ||
|---|---|---|---|
| 005 | 20250326123826.0 | ||
| 008 | 250326s9999 xx 000 0 und d | ||
| 037 | _aTextbook | ||
| 040 |
_aFMSL _beng _cFMSL |
||
| 041 |
_aeng _2eng |
||
| 084 |
_aS:7 L0 _qFMSL |
||
| 100 |
_aChesser E _9736192 |
||
| 245 | 0 |
_aWho do you think you are? _cChesser E |
|
| 260 |
_aLondon _bLondon, W H Allen _c1970 |
||
| 300 | _a200p | ||
| 942 |
_cTB _hS:7 L0 |
||
| 999 |
_c1271099 _d1271099 |
||